Промышленные адсорбционные процессы: учебное пособие

Detalles Bibliográficos
Autor Principal: Шумяцкий Ю. И. Юрий Исаакович
Summary:Рассматриваются принципиальные вопросы адсорбционной техники, а именно: с помощью какого адсорбционного процесса можно решить некоторую практическую задачу, какой адсорбент при этом должен быть применен, какие операции надо провести для достижения поставленной задачи. Описана технология многих важнейших адсорбционных процессов: с однократно и многократно применяемыми адсорбентами, с тепловой и безнагревной регенерациями отработанного поглотителя, с периодической и непрерывной выгрузкой адсорбентов для реактивации. Пособие снабжено рядом примеров и задач. Для студентов, аспирантов и преподавателей химико-технологических вузов. Будет также полезным для специалистов промышленности, занимающихся разработкой, проектированием и эксплуатацией адсорбционного оборудования.
Idioma:ruso
Publicado: Москва, КолосС, 2009
Series:Учебники и учебные пособия для студентов высших учебных заведений
Subjects:
Formato: Libro
KOHA link:https://koha.lib.tpu.ru/cgi-bin/koha/opac-detail.pl?biblionumber=160679

MARC

LEADER 00000nam0a2200000 4500
001 160679
005 20231101222214.0
010 |a 9785953206563 
035 |a (RuTPU)RU\TPU\book\174260 
090 |a 160679 
100 |a 20090526d2009 m y0rusy50 ca 
101 0 |a rus 
102 |a RU 
105 |a a j 000zy 
200 1 |a Промышленные адсорбционные процессы  |e учебное пособие  |f Ю. И. Шумяцкий 
210 |a Москва  |c КолосС  |d 2009 
215 |a 183 с.  |c ил. 
225 1 |a Учебники и учебные пособия для студентов высших учебных заведений 
330 |a Рассматриваются принципиальные вопросы адсорбционной техники, а именно: с помощью какого адсорбционного процесса можно решить некоторую практическую задачу, какой адсорбент при этом должен быть применен, какие операции надо провести для достижения поставленной задачи. Описана технология многих важнейших адсорбционных процессов: с однократно и многократно применяемыми адсорбентами, с тепловой и безнагревной регенерациями отработанного поглотителя, с периодической и непрерывной выгрузкой адсорбентов для реактивации. Пособие снабжено рядом примеров и задач. Для студентов, аспирантов и преподавателей химико-технологических вузов. Будет также полезным для специалистов промышленности, занимающихся разработкой, проектированием и эксплуатацией адсорбционного оборудования. 
606 1 |a Адсорбционные аппараты  |2 stltpush  |3 (RuTPU)RU\TPU\subj\31753  |9 54524 
610 1 |a адсорбционные процессы 
610 1 |a физико-химические процессы 
610 1 |a инженерные основы 
610 1 |a промышленные адсорбенты 
610 1 |a адсорбция 
610 1 |a кинетика 
610 1 |a зернистый слой 
610 1 |a конвективный тепломассообмен 
610 1 |a технология 
610 1 |a циклические процессы 
610 1 |a газы 
610 1 |a осушка 
610 1 |a очистка 
610 1 |a пищевая промышленность 
610 1 |a периодические процессы 
610 1 |a учебные пособия 
610 1 |a химическая технология 
610 1 |a адсорбенты 
675 |a 66.081.3(075.8)  |v 3 
700 1 |a Шумяцкий  |b Ю. И.  |g Юрий Исаакович 
801 1 |a RU  |b 63413507  |c 20090526  |g PSBO 
801 2 |a RU  |b 63413507  |c 20151009  |g RCR 
942 |c BK 
959 |a 61/20090526  |d 3  |e 0  |f ЧЗТЛ:2  |f АНЛ:1